000
00192nam a2200109Ia 4500
100
_a
KORDA/MICHALE
942
_c
BK
245
_a
SUCCESS
260
_b
#N/A
546
_a
ENGLISH
999
_c
25355
_d
25355